000 00498nam a2200193Ia 4500
005 20240408111408.0
008 131103s9999 xx 000 0 und d
040 _aLoreto College
041 _aEnglish
082 _a425
_bBHA
100 _aBhatnagar, R. P.
245 _aCommunication in English
_cR. P. Bhatnagar and R. T. Bell
260 _aNew Delhi
_bOrient Longman
_c1979
300 _ax,265 p.0
650 _aEnglish grammar
700 _aBell, R. T.
850 _aLCLIB
942 _cBK
999 _c27969
_d78448